| 000 | 00699nam a22002417a 4500 | ||
|---|---|---|---|
| 001 | 75704 | ||
| 003 | UA-OsUOA | ||
| 005 | 20230124143559.0 | ||
| 007 | ta | ||
| 008 | 20110530b un ||||| |||| 00| 0 ukr d | ||
| 020 | _a966-01-0320-4 | ||
| 040 |
_aUA-OsUOA _bukr _cUA-OsUOA _dUA-OsUOA |
||
| 041 | _aukr | ||
| 080 | _a821.161.2 | ||
| 090 |
_a821.161.2 _bТ98 |
||
| 100 | _aТютюнник Г.М. | ||
| 245 |
_aОблога _bвибр. твори _cпередм., упоряд. та приміт. В.Дончика |
||
| 260 |
_aК. _bПульсари _c2004 |
||
| 300 | _a584 с. | ||
| 650 | 7 |
_a82 Література. Літературознавство _2UDC |
|
| 942 |
_cBK _2udc |
||
| 955 | _a3 | ||
| 999 |
_c362000 _d362000 |
||